000 01067nam a22002537a 4500
005 20170124103044.0
010 _aA-960271
020 _c150.00
035 _aA-960271
037 _bCen Lib/Ret
040 _aDPL
_bHN
082 _a
_bवन्द्योप
100 _aवन्द्योपधयाया , ताराशंकर
_968300
245 _aभूत पुराण /
_c ताराशंकर वन्धोपध्य्याय
246 _aBhoot puraan
_b byTarashankar Vandyopadhyaya
260 _a दिल्ली
_bसंस्कृति साहित्य
_c1997
270 _a30/21-22ए -गली न. 9 विश्वास नगर शाहदरा
_bदिल्ली
_e110032
300 _a515पृष्ठ.
_c20सेमी(सजिल्द)
650 _aहिंदी साहित्य
_968301
650 _aहिंदी कहानी
_968302
650 _aHindi literature
_968303
650 _aHindi Story
_943117
942 _2ddc
_cHN
_h
_mवन्द्योप
999 _c116786
_d116786